Compressed Sensing: A promise for fast laminar imaging (Record no. 332361)
[ view plain ]
| 000 -LEADER | |
|---|---|
| fixed length control field | 00496nam a22001457a 4500 |
| 082 ## - DEWEY DECIMAL CLASSIFICATION NUMBER | |
| Classification number | MSEE-6 AYM |
| 100 ## - MAIN ENTRY--PERSONAL NAME | |
| Personal name | Aymen Ayaz |
| 245 ## - TITLE STATEMENT | |
| Title | Compressed Sensing: A promise for fast laminar imaging |
| 260 ## - PUBLICATION, DISTRIBUTION, ETC. | |
| Place of publication, distribution, etc. | Islamabad |
| Name of publisher, distributor, etc. | NUST-H12 |
| Date of publication, distribution, etc. | 2017 |
| 300 ## - PHYSICAL DESCRIPTION | |
| Extent | 47p. |
| Accompanying material | CD Includes |
| 856 ## - Uniform Resource Identifier | |
| Uniform Resource Identifier | <a href="http://10.250.8.41:8080/xmlui/handle/123456789/20463">http://10.250.8.41:8080/xmlui/handle/123456789/20463</a> |
| 942 ## - ADDED ENTRY ELEMENTS (KOHA) | |
| Source of classification or shelving scheme | |
| Koha item type | Thesis |
| Withdrawn status | Lost status | Source of classification or shelving scheme | Damaged status | Not for loan | Collection code | Permanent Location | Current Location | Shelving location | Date acquired | Source of acquisition | Total Checkouts | Full call number | Barcode | Date last seen | Price effective from | Koha item type | Non-public note |
|---|---|---|---|---|---|---|---|---|---|---|---|---|---|---|---|---|---|
| Central Library (CL) | Central Library (CL) | General Stacks | 12/03/2017 | NUST-SEECS | MSEE-6 AYM | SEECSP02206 | 12/03/2017 | 12/03/2017 | Project Report | ||||||||
| Central Library (CL) | Central Library (CL) | Thesis | 10/14/2019 | 621.3 | CL-T-3425 | 10/14/2019 | 10/14/2019 | Thesis | Minute Sheet No. 0929/02/CL/Survey/5 dated 23rd April 2024 E-MIN ID 114741 | ||||||||
| Central Library (CL) | Central Library (CL) | Thesis | 12/19/2019 | 621.3MSEE-6 AYM | CL-T-4282 | 12/19/2019 | 12/19/2019 | Thesis | Minute Sheet No. 0929/02/CL/Survey/5 dated 23rd April 2024 E-MIN ID 114741 |
